| 000 | 01038nam a2200229 i 4500 | ||
|---|---|---|---|
| 001 | 42956 | ||
| 003 | ES-MaACL | ||
| 005 | 20230906160716.0 | ||
| 007 | t| | ||
| 008 | 030314s1790 sp ||||1| spa d | ||
| 080 | _a351.776(460.188 San Ildefonso)"17" | ||
| 245 | 0 | 0 | _aNoticia del establecimiento y uso del cementerio extramuros del Real Sitio de San Ildefonso. |
| 260 |
_aMadrid : _bEn la Imprenta Real, _c1790. |
||
| 300 |
_a23 p., [1] h. de lám. : _bil. ; _c18 cm. |
||
| 597 | _aSign.: [A]-C4. | ||
| 597 | _aPortada con escudo real xilográfico. | ||
| 599 | _aLa h. de lámina es un grabado calcográfico representa un plano del cementerio y capilla del Real sitio de San Ildefoso. | ||
| 599 | _aLa il. es un grabado calcográfico: "Alf. Reg. Rodr. dib. De la Cruz sculp. | ||
| 610 | 2 | 4 |
_aPalacio de la Granja (Real Sitio de San Ildefonso) _9162664 |
| 650 | 4 |
_aCementerios- _zReal Sitio de San Ildefonso- _vHistoria. _9163555 |
|
| 852 | 4 |
_aES-MaACL _jT-20-F-19 _z Enc. hol., falto de cub. original _z- Enc. en un vol. facticio |
|
| 999 |
_c42956 _d42956 |
||